000 00936nam0a22002411 4500
001 rc\2745203
005 20260407071329.0
035 _a(NLR Aleph) 006872276
090 _a6960099
_c6960099
100 _a20110915d1939 |||y0rusy50 ca
101 0 _arus
102 _aRU
105 _aab j |||||
200 1 _aНеорганическая химия
_eУчебник для сред. школы
_eУтв. НКП РСФСР
_fВ. Н. Верховский проф. Пед. ин-та им. Герцена
205 _a7-е изд.
210 _aЛенинград
_cУчпедгиз. Ленингр. отд-ние
_d1939
215 _a356 с., 1 вкл. л. табл., карт.
_d22 см.
700 1 _7ca
_8rus
_aВерховский
_bВ. Н.
_f1873-1947
_gВадим Никандрович
_92650340
_3RU\NLR\AUTH\770278373
801 0 _aRU
_bNLR
_gpsbo
801 1 _aRU
_bELAR
_2rusmarc
852 _aNLR
_j39-4/766
942 _cBOOK
980 _aNB